Responses for Show #7870 - Friday, November 23, 2018

Contestants

[<< previous game]

J Cheema, a marketing and strategy consultant from Portland, Oregon

Jennifer Hoosier, a university administrator from Tucker, Georgia

Mary Ann Borer, a marketing coordinator from Pomona, California (whose 4-day cash winnings total $86,500)

[next game >>]

Jeopardy! Round responses

VISITING ATLANTA
THE DAYTIME EMMYS
GOVERNORS
BATTLES OF THE AMERICAN REVOLUTION
COSTS A LITTLE EXTRA
ONE I IS ENOUGH
(Alex: Each correct response will have only one "I" as its vowel.)
    $200 3
Dr. Martin Luther King Jr.

Mary Ann
    $200 13
Star Wars

Jennifer
    $200 28
Texas

J
    $200 20
1775

Triple Stumper
    $200 4
a valet

Mary Ann
    $200 1
a knight

J
    $400 14
Coca-Cola

Mary Ann
    $400 15
Ellen

Jennifer
    $400 18
(Mary Ann: Who is Bloomberg?)

(Andrew) Cuomo

Mary AnnJ
    $400 21
France

Jennifer
    $400 5
organic

J
    $400 12
child

Mary Ann
    $600 16
The Walking Dead

J
    $600 24
(Mary Ann: What is Young and the Restless?)

General Hospital

Mary AnnJ
    $600 17
billionaire

Jennifer
    $600 25
(Jennifer: What is Savannah?)
...
(Alex: Less than a minute to go now.)

Charleston

Jennifer
Triple Stumper
    $600 6
designer

J
    $600 2
a cliff

Jennifer
    $800 22
CNN

Jennifer
    $800 26
de Laurentiis

Mary Ann
    $800 9
Oklahoma

Mary Ann
    $1,000 29
[The end-of-round signal sounds.]

the Bahamas

J
    $800 7
expedited

Jennifer
    $800 11
plight

Triple Stumper
    $1000 23
Emory

Jennifer
    $1000 27
Steve Harvey

Jennifer
    $1000 19
(John) Hickenlooper

Mary Ann
    $1000 8
concierge

J
    $1000 10
(J: What is a...)

a blind

JenniferJ

Scores at the first commercial break (after clue 15):

Mary Ann Jennifer J
$2,000 $3,000 $1,200

Scores at the end of the Jeopardy! Round:

Mary Ann Jennifer J
$2,800 $6,200 $4,000

Double Jeopardy! Round responses

YOU'RE GONNA NEED A BIGGER BOAT
ROARING '20s READER
THE MOVIE'S SOURCE MATERIAL
ON TOP OF THE WORLD
B.S., I LOVE YOU
THE SHORT FORM
(Alex: We want you to give us the longer version of each word.)
    $400 25
yacht

Jennifer
    $400 1
The Great Gatsby

Mary Ann
    $400 7
There Will Be Blood

Mary Ann
    $400 28
the Arctic Circle

Mary Ann
    $400 24
Bruce Springsteen

Jennifer
    $400 16
delicatessen

J
    $800 26
(Alex: Less than a minute now.)

luxury liner

Jennifer
    $800 2
All Quiet on the Western Front

J
    $800 8
Casablanca

J
    $800 29
(Mary Ann: What is penguin?)

a seal

Mary Ann
Triple Stumper
    $800 23
Bernie Sanders

Mary Ann
    $800 15
(Mary Ann: What is pianissimo?)

pianoforte

Mary AnnJennifer
    $1200 3
supertanker

Mary Ann
    $1200 4
The Sound and the Fury

Mary Ann
    $4,000 9
Babe

J
    $4,000 17
(Roald) Amundsen

J
    $1200 22
Benjamin Spock

Mary Ann
    $1200 14
percolate

Mary Ann
    $1600 19
the Netherlands

Mary Ann
    $1600 5
Langston Hughes

Jennifer
    $1600 11
Lincoln

Jennifer
    $1600 18
Richard Byrd

Triple Stumper
    $1600 21
Bugsy Siegel

Jennifer
    $1600 10
perquisite

Mary Ann
    $2000 27
(Jennifer: What is Chesapeake Bay?)

the hangar bay

Jennifer
Triple Stumper
    $2000 6
R.U.R.

Mary Ann
    $2000 12
Dog Day Afternoon

Mary Ann
    $2000 30
(Mary Ann: Who are the Finns?)

the Sami

Mary Ann
Triple Stumper
    $2000 20
Bram Stoker

Mary Ann
    $2000 13
cabriolet

Mary Ann

Scores at the end of the Double Jeopardy! Round:

Mary Ann Jennifer J
$17,200 $11,400 $14,000

[wagering suggestions for these scores]

Final Jeopardy! Round responses

OLYMPIC CITIES
(Alex: [To Jennifer] I can't read the second.)
(Jennifer: It was going to be "the one in 1964".)
...
(Alex: [To J] Mexico City and Moscow were the other two cities.)
JenniferWhat are Munich + the one in 196
$5,000
JWhat is Munich and Montreal?
$14,000
Mary AnnWhat are Milan + Milwaukee?
$1,000
Munich and Montreal

Final scores:

Mary Ann Jennifer J
$16,200 $6,400 $28,000
2nd place: $2,000 3rd place: $1,000 New champion: $28,000

Game dynamics:

Coryat scores:

Mary Ann Jennifer J
$17,200 $11,400 $8,200
21 R,
5 W
17 R,
2 W
14 R
(including 3 DDs),
1 W

Combined Coryat: $36,800

[game clues] [game scores] [suggest correction]

Game tape date: 2018-10-09
The J! Archive is created by fans, for fans. Scraping, republication, monetization, and malicious use prohibited; this site may use cookies and collect identifying information. See terms. The Jeopardy! game show and all elements thereof, including but not limited to copyright and trademark thereto, are the property of Jeopardy Productions, Inc. and are protected under law. This website is not affiliated with, sponsored by, or operated by Jeopardy Productions, Inc. Join the discussion at JBoard.tv.